000 00676nam a2200277Ia 4500
005 20260324111507.0
008 008 260324s9999 xx 000 0 eng d
020 _a9781003381730
037 _aEBOOK
040 _aCRL
040 _beng
040 _cCRL
041 _2eng
041 _aeng
084 _qCRL
100 _aJason Payne-James; Margaret Stark; Michael Scott-Ham
_91138797
245 0 _aSymptoms and Signs of Substance Use
260 _bTaylor and Francis
260 _c2025
365 _a
365 _b230
856 _uhttp://www.taylorfrancis.com/books/9781003381730
942 _cEBOOK
999 _c1727642
_d1727642